000 00687nam a22002657a 4500
001 BR8905598
003 BR-BrBNA
005 20230928093335.0
007 ta
008 230509b bl.||||| |||| 00| 0 por d
040 _aBR-BrBNA
_bpor
_cBiblioteca Nacional de Agricultura
041 _a(Por)
072 _aF01
_b1930
090 _ 1930 BR8905598
100 1 _aMoura, J.C. de
110 1 _aCoordenadoria de Assistencia Tecnica Integral, Campinas, SP (Brasil)
245 1 _aCapineira
260 3 _aCampinas, SP (Brasil):
_c1988.
300 _a6 p.
650 _aCAPINEIRA
650 _aPLANTIO
650 _aVARIEDADE
909 _a202309
_bLucia
_c55
_dLucia Elande
942 _cBK
999 _c44415
_d44415